ბათუმის შოთა რუსთაველის სახელმწიფო უნივერსიტეტის ბიბლიოთეკა

სასაოფლო-სამეურნეო კულტურების მორწყვის წესები და მათი სრულყოფის გზები. (ბიბ.ჩანაწერი № 35343)

000 -LEADER
fixed length control field 00712nam a2200205Ia 4500
001 - CONTROL NUMBER
control field 1195
003 - CONTROL NUMBER IDENTIFIER
control field GE_BSU
008 - FIXED-LENGTH DATA ELEMENTS--GENERAL INFORMATION
fixed length control field 181216s||||||||xx |||||||||||||| ||und||
040 ## - CATALOGING SOURCE
Transcribing agency GE_BSU
080 ## - UNIVERSAL DECIMAL CLASSIFICATION NUMBER
Universal Decimal Classification number 636.6
100 ## - MAIN ENTRY--PERSONAL NAME
Personal name ტუღუში გ.
245 ## - TITLE STATEMENT
Title სასაოფლო-სამეურნეო კულტურების მორწყვის წესები და მათი სრულყოფის გზები.
260 ## - PUBLICATION, DISTRIBUTION, ETC.
Place of publication, distribution, etc. თბილისი.
260 ## - PUBLICATION, DISTRIBUTION, ETC.
Name of publisher, distributor, etc. საბჭოთა საქართველო.
260 ## - PUBLICATION, DISTRIBUTION, ETC.
Date of publication, distribution, etc. 1986.
300 ## - PHYSICAL DESCRIPTION
Extent 243 გვ. 20სმ.
653 ## - INDEX TERM--UNCONTROLLED
Uncontrolled term სოფლისმეურნეობა.
942 ## - ADDED ENTRY ELEMENTS (KOHA)
Koha item type წიგნი

არაა ხელმისაწვდომი ეგზემპლარები.